[Event "POR-chT3 final"]
[Site "Matosinhos"]
[Date "2013.08.24"]
[Round "2.2"]
[White "Paiva, Henrique MA Alberg"]
[Black "Cesar, Ayrton Josefa"]
[Result "1-0"]
[WhiteElo "1633"]
[BlackElo "1605"]
[PlyCount "71"]
[EventDate "2013.08.23"]
[EventType "team-swiss"]
[EventRounds "3"]
[EventCountry "POR"]
[SourceTitle "EXT 2015"]
[Source "ChessBase"]
[SourceDate "2014.11.20"]
[SourceVersion "1"]
[SourceVersionDate "2014.11.20"]
[SourceQuality "1"]
[WhiteTeam "Colegio Portugues"]
[BlackTeam "Cavadas II"]
[WhiteTeamCountry "POR"]
[BlackTeamCountry "POR"]

1. e4 c5 2. Nf3 g6 3. d4 Bg7 4. Nc3 cxd4 5. Nxd4 a6 6. Be3 d6 7. Be2 Nf6 8. 0-0 0-0 9. f4 e5 10. Nb3 Qc7 11. Qd2 Bg4 12. Bxg4 Nxg4 13. Nd5 Qd8 14. Bb6 Qh4 15. h3 Nf6 16. Nc7 Nbd7 17. Nxa8 Nxb6 18. Nxb6 Nxe4 19. Qe1 Ng3 20. Rf3 exf4 21. c3 Qg5 22. Nc4 d5 23. Ncd2 Rc8 24. Nf1 Ne4 25. Nfd2 Ng3 26. Qf2 Bf8 27. Kh2 Ne4 28. Qd4 Bg7 29. Nxe4 dxe4 30. Qxe4 b5 31. Kh1 Be5 32. Re1 Bb8 33. Nd4 Qh4 34. Qe7 Qh5 35. Qf6 Qd5 36. Re7 1-0